Programming Python /

Dettagli Bibliografici
Autore principale: Lutz, Mark
Natura: Libro
Lingua:English
Pubblicazione: Sebastopol, CA : O'Reilly, c2011 [ninth released 2018].
Edizione:Fourth edition.
Serie:Nutshell handbook
Soggetti:
Classic Catalogue: View this record in Classic Catalogue
LEADER 01267nam a22003137a 4500
001 44319
003 BD-DhAAL
005 20250420135448.0
008 250420r20182011caua b 011 0 eng d
020 |a 9780596158101 
020 |a 0596158106 
040 |a BD-DhAAL  |c BD-DhAAL 
050 0 0 |a QA76.73.P98  |b L88 2006 
082 0 0 |a 005.133  |2 23 
100 1 |a Lutz, Mark.  |9 58054 
245 1 0 |a Programming Python /  |c Mark Lutz. 
250 |a Fourth edition. 
260 |a Sebastopol, CA :  |b O'Reilly,  |c c2011 [ninth released 2018]. 
300 |a xxxix, 1584 pages :  |b illustrations ;  |c 24 cm 
490 |a Nutshell handbook. 
500 |a Includes index. 
541 |a Donated by Farhana Zahir, Assistant Professor, BRAC Business School  |e 44319 
650 0 |a Python (Computer program language). 
650 0 |a Computer science. 
830 |a Nutshell handbook  |9 58055 
852 |a Ayesha Abed Library  |c General Stacks 
942 |2 ddc  |c BK 
999 |c 47267  |d 47267 
952 |0 0  |1 0  |2 ddc  |4 0  |6 005_133000000000000_LUT  |7 0  |9 77596  |a BRACUL  |b BRACUL  |c GEN  |d 2025-04-20  |e Donated by Farhana Zahir, Assistant Professor, BRAC Business School  |l 3  |m 25  |o 005.133 LUT  |p 3010044319  |r 2026-04-24  |s 2025-12-28  |t 1  |w 2025-04-20  |y BK  |x Donated by Farhana Zahir, Assistant Professor, BRAC Business School ; USD 64.99